header

Remittances, gender and development (Record no. 142392)

MARC details
000 -LEADER
fixed length control field 01416nam a2200349 a 4500
100 1# - MAIN ENTRY--AUTHOR NAME
Personal name Vullnetari, Julie.
245 10 - TITLE STATEMENT
Title Remittances, gender and development
260 ## - PUBLICATION, DISTRIBUTION, ETC. (IMPRINT)
Place of publication London :
Name of publisher I.B.Tauris,
Year of publication 2011.
300 ## - PHYSICAL DESCRIPTION
Number of Pages xiv, 232 p. :
Other physical details ill., maps.
490 1# - SERIES STATEMENT
Series statement Library of development studies ;
650 #0 - SUBJECT ADDED ENTRY--TOPICAL TERM
Topical Term National characteristics, Albanian.
Topical Term Ethnicity
700 1# - ADDED ENTRY--PERSONAL NAME
Personal name King, Russell.
856 40 - ELECTRONIC LOCATION AND ACCESS
Uniform Resource Identifier http://site.ebrary.com/lib/rucke/Doc?id=10522067

No items available.

© 2026 Rongo University
Contact us: librarian | system librarian | Rongo university